000 00872nam a2200265Ia 4500
001 Para_438
003 CHAP
008 220125s2000 xx 000 0 und d
010 _a199193
040 _cCHAP
090 _aPA TESIS 1466
100 _aHernández García, Alberto
_954036
245 _aManejo fitosanitario y producción de romeritos (Suaeda diffusa Wats.) en San Andrés Mixquic, delegación Tláhuac, D.F. /
_c por Alberto Hernández García
260 _aChapingo, Méx. :
_b el autor
300 _a52 h.
502 _aTesis (Ing. Agr. Esp. en Parasitología Agrícola) -- UACh. Departamento Parasitología Agrícola
650 _aSuaeda diffusa
_9164504
901 _aPA TESIS 1466
902 _aA
905 _a0000002000 dn 0000000000 00
910 _a2000
942 _cPARA
942 _cPARA
_d1
999 _c199193
_d199193